Struktur der Bankwirtschaft
Gespeichert in:
| 1. Verfasser: | |
|---|---|
| Format: | Buch |
| Sprache: | Deutsch |
| Veröffentlicht: |
Berlin
Schmidt
1991
|
| Ausgabe: | 2. unveränd. Aufl. |
| Schlagworte: | |
| Tags: |
Keine Tags, Fügen Sie das erste Tag hinzu!
|
MARC
| LEADER | 00000nam a2200000 4500 | ||
|---|---|---|---|
| 001 | c010413 | ||
| 005 | 20221206114947.4 | ||
| 020 | |a 3-503-02413-1 | ||
| 041 | 0 | |a ger | |
| 044 | |a DE | ||
| 245 | 1 | 0 | |a Struktur der Bankwirtschaft |c Oswald Hahn |
| 250 | |a 2. unveränd. Aufl. | ||
| 264 | 1 | |a Berlin |b Schmidt |c 1991 | |
| 300 | |a 378 s. | ||
| 610 | 2 | 0 | |a banky |
| 610 | 2 | 0 | |a politika obchodná |
| 610 | 2 | 0 | |a politika úverová |
| 610 | 2 | 0 | |a organizácia podniku |
| 610 | 2 | 0 | |a investície |
| 610 | 2 | 0 | |a poistenie |
| 610 | 2 | 0 | |a normy právne |
| 610 | 2 | 0 | |a spoločnosti lízingové |
| 610 | 2 | 0 | |a lízing |
| 610 | 2 | 0 | |a sporiteľne |
| 610 | 2 | 0 | |a banky hypotekárne |
| 610 | 2 | 0 | |a banky investičné |
| 100 | 1 | |a Hahn, Oswald | |